00521nam a2200157Ia 4500008004100000041000800041082001700049100001900066245004500085250001400130260004400144300003300188365000700221999001300228952012200241240624s9999 xx 000 0 und d aeng a658.8342 KAR aKARDES FRANK R aCONSUMER BEHAVIOUR AND MANAGERIAL DECISI a(2nd ed.) c2003aNew DelhibPrentice-Hall of India axviii, : 457 : p. : cm. ; 24 cRS c293d293 00104070aIMTNbIMTNcRack 37-Bd2004-11-03eJBDg225.00o658.8342 KARp293r2024-06-24 00:00:00t1w2024-06-24yBK